00366nam a2200133Ia 4500008004100000041001200041082001500053100001700068245007300085250001300158260003400171300000700205650002000212231217s9999 xx 000 0 und d aEnglish a027.6 KOH aKohli, Mamta 0aBeyond the primer: A discussion on the RGF village library programme a1st ed.  c1998bRajiv Gandhi Foundation a61 aLibrary,village